Christian mysticism.

Bibliographic Details
Main Author: Inge, William Ralph, 1860-1954
Format: Book
Language:English
Published: New York : Meridian Books, 1956.
Edition:[7th ed.].
Series:Living age books, 3

MARC

Tag First Indicator Second Indicator Subfields
LEADER 00000cam a2200000 4500
001 in00000038483
005 20151007081058.0
008 720425s1956 eng u
010 |a  56009239  
035 |a (OCoLC)00293433 
035 |9 AAF5839AM 
040 |c DXU  |d TXA  |d UtOrBLW 
049 |a TXAM  |c [405507] 
090 |a BV5082  |b .I6 1956 
092 |a 149.3  |b I45c 
100 1 |a Inge, William Ralph,  |d 1860-1954. 
245 1 0 |a Christian mysticism. 
250 |a [7th ed.]. 
264 1 |a New York :  |b Meridian Books,  |c 1956. 
300 |a xx, 332 pages ;  |c 19 cm. 
336 |a text  |b txt  |2 rdacontent 
337 |a unmediated  |b n  |2 rdamedia 
338 |a volume  |b nc  |2 rdacarrier 
490 0 |a Living age books, 3 
999 |a MARS 
999 f f |s d4c0b37c-bfda-31ac-a041-00669b51ab6f  |i 703668a0-0220-3f9d-9c6e-3568aa0cd24a  |t 0 
952 f f |p ric  |a Texas A&M University  |b Rellis Campus  |c Joint Library Facility  |d Remote Storage  |t 0  |e BV5082 .I6 1956  |h Library of Congress classification  |i unmediated -- volume  |m A14800519349 
998 f f |a BV5082 .I6 1956  |t 0  |l Remote Storage